00566nam a2200229Ia 450000500170000000800460001702000180006303700100008104000080009104000080009904000080010704100080011504100080012308400080013110000350013924500640017426000230023826000090026136500050027036500080027585600530028320260324145751.0008 260324s9999 xx 000 0 eng d a9780429031861 aEBOOK aCRL beng cCRL 2eng aeng qCRL aRobert Davenport; Willis Monie 2aA Critical Edition of Robert Davenport's The City Night-Cap bTaylor and Francis c1979 a b170 uhttp://www.taylorfrancis.com/books/9780429031861